00390nam a22001577a 4500003001200000005001700012008004100029020000600070040001200076082001600088100001800104245005900122250001200181260001100193650002800204NUST - PNEC20170116180928.0150905b xxu||||| |||| 00| 0 eng d a- cLIBRARY a621.310 AGA aAgarwal, R.K. aPrinciples of electrical machine designbR. K. Agarwal a3rd ed. cc.1997 aMachine, ElectricalxME